Common purpose in industry : ( or "what's in it for you?" ) (Record no. 71118)

000 -LEADER
fixed length control field 00466nam a22001697a 4500
003 - CONTROL NUMBER IDENTIFIER
control field NUST - PNEC
005 - DATE AND TIME OF LATEST TRANSACTION
control field 20170116181154.0
008 - FIXED-LENGTH DATA ELEMENTS--GENERAL INFORMATION
fixed length control field 160108b xxu||||| |||| 00| 0 eng d
020 ## - INTERNATIONAL STANDARD BOOK NUMBER
International Standard Book Number -
040 ## - CATALOGING SOURCE
Transcribing agency LIBRARY
082 ## - DEWEY DECIMAL CLASSIFICATION NUMBER
Classification number 658.5 FRA
100 ## - MAIN ENTRY--PERSONAL NAME
9 (RLIN) 15754
Personal name Fraser, John Munro
245 ## - TITLE STATEMENT
Title Common purpose in industry : ( or "what's in it for you?" )
Statement of responsibility, etc. John Munro Fraser
260 ## - PUBLICATION, DISTRIBUTION, ETC.
Date of publication, distribution, etc. c.1962
650 ## - SUBJECT ADDED ENTRY--TOPICAL TERM
9 (RLIN) 15755
Topical term or geographic name entry element Common Industry
General subdivision ME / General
942 ## - ADDED ENTRY ELEMENTS (KOHA)
Source of classification or shelving scheme
Koha item type Book
Holdings
Withdrawn status Lost status Source of classification or shelving scheme Damaged status Not for loan Permanent Location Current Location Shelving location Date acquired Total Checkouts Full call number Barcode Date last seen Price effective from Koha item type
          Pakistan Navy Engineering College (PNEC) Pakistan Navy Engineering College (PNEC)       658.5 FRA PNECLIB-001461 01/08/2016   Book
© 2023 Central Library, National University of Sciences and Technology. All Rights Reserved.